<?xml version="1.0" encoding="UTF-8"?>
<collection xmlns="http://www.loc.gov/MARC21/slim">
<record>
  <controlfield tag="001">164961</controlfield>
  <controlfield tag="005">20251203145556.0</controlfield>
  <datafield tag="037" ind1=" " ind2=" ">
    <subfield code="a">TAZ-TFG-2025-2275</subfield>
  </datafield>
  <datafield tag="041" ind1=" " ind2=" ">
    <subfield code="a">spa</subfield>
  </datafield>
  <datafield tag="100" ind1="1" ind2=" ">
    <subfield code="a">Paricio Vicente, Dimas</subfield>
  </datafield>
  <datafield tag="242" ind1="0" ind2="0">
    <subfield code="a">Viability of companies in the automotive sector during the transition to electric vehicles: The case of General Motors and Tesla.</subfield>
  </datafield>
  <datafield tag="245" ind1="0" ind2="0">
    <subfield code="a">Viabilidad de las empresas en el sector automotriz durante la transición a vehículos eléctricos: El caso de General Motors y Tesla.</subfield>
  </datafield>
  <datafield tag="260" ind1=" " ind2=" ">
    <subfield code="a">Zaragoza</subfield>
    <subfield code="b">Universidad de Zaragoza</subfield>
    <subfield code="c">2025</subfield>
  </datafield>
  <datafield tag="506" ind1=" " ind2=" ">
    <subfield code="a">by-nc-sa</subfield>
    <subfield code="b">Creative Commons</subfield>
    <subfield code="c">3.0</subfield>
    <subfield code="u">http://creativecommons.org/licenses/by-nc-sa/3.0/</subfield>
  </datafield>
  <datafield tag="520" ind1=" " ind2=" ">
    <subfield code="a">En este trabajo, analizo la viabilidad de las empresas automotrices durante la transición hacia vehículos eléctricos, enfocándose en General Motors (GM) y Tesla. Mi objetivo es entender cómo estas compañías están adaptando sus estrategias para enfrentar los desafíos y aprovechar las oportunidades de la electrificación del transporte. General Motors ha decidido invertir fuertemente en vehículos eléctricos, destinando más de 35 mil millones de dólares para 2025 en el desarrollo de estos vehículos y tecnologías autónomas. Esta estrategia busca transformar su línea de productos y reducir su huella de carbono, cumpliendo con las regulaciones ambientales.&lt;br />Por otro lado, Tesla ha sido un pionero en la industria de los vehículos eléctricos, estableciendo estándares en autonomía, rendimiento y tecnología de baterías. Su enfoque en la innovación y la expansión de la infraestructura de carga le ha dado una ventaja competitiva significativa. Comparo las estrategias de ambas empresas, evaluando su capacidad para mantenerse competitivas en un mercado en rápida evolución. Analizo factores como la inversión en tecnología, la adaptación a las normativas ambientales y la respuesta a las demandas del consumidor.&lt;br /></subfield>
  </datafield>
  <datafield tag="521" ind1=" " ind2=" ">
    <subfield code="a">Graduado en Administración y Dirección de Empresas</subfield>
  </datafield>
  <datafield tag="540" ind1=" " ind2=" ">
    <subfield code="a">Derechos regulados por licencia Creative Commons</subfield>
  </datafield>
  <datafield tag="856" ind1="0" ind2=" ">
    <subfield code="f">845273@celes.unizar.es</subfield>
  </datafield>
  <datafield tag="856" ind1="4" ind2=" ">
    <subfield code="s">1558172</subfield>
    <subfield code="u">http://zaguan.unizar.es/record/164961/files/TAZ-TFG-2025-2275.pdf</subfield>
    <subfield code="y">Memoria (spa)</subfield>
  </datafield>
  <datafield tag="909" ind1="C" ind2="O">
    <subfield code="o">oai:zaguan.unizar.es:164961</subfield>
    <subfield code="p">driver</subfield>
    <subfield code="p">trabajos-fin-grado</subfield>
  </datafield>
  <datafield tag="950" ind1=" " ind2=" ">
    <subfield code="a"></subfield>
  </datafield>
  <datafield tag="691" ind1=" " ind2=" ">
    <subfield code="a">7 9 12</subfield>
  </datafield>
  <datafield tag="692" ind1=" " ind2=" ">
    <subfield code="a">El estudio analiza el consumo y la produccion de vehiculos electricos los cuales seran practicamente obligatorios en el futuro.</subfield>
  </datafield>
  <datafield tag="700" ind1=" " ind2=" ">
    <subfield code="a">CASTILLO LAGUARTA, MIGUEL ANGEL</subfield>
    <subfield code="e">dir.</subfield>
  </datafield>
  <datafield tag="710" ind1="2" ind2=" ">
    <subfield code="a">Universidad de Zaragoza</subfield>
    <subfield code="b"> </subfield>
    <subfield code="c"></subfield>
  </datafield>
  <datafield tag="980" ind1=" " ind2=" ">
    <subfield code="a">TAZ</subfield>
    <subfield code="b">TFG</subfield>
    <subfield code="c">FEGP</subfield>
  </datafield>
  <datafield tag="999" ind1=" " ind2=" ">
    <subfield code="a">20250609102616.CREATION_DATE</subfield>
  </datafield>
  <datafield tag="951" ind1=" " ind2=" ">
    <subfield code="a">deposita:2025-12-03</subfield>
  </datafield>
</record>
</collection>